000 01024nam a22002177a 4500
999 _c1594
_d1594
005 20251125232739.0
008 s2523 th tha d
040 _aNALT
041 _atha
050 _aD465 ป4
100 0 _aประทุมพร วัชรเสถียร
245 1 0 _aยุโรปตะวันออกความสัมพันธ์กับสหภาพโซเวียต [2523]
260 3 _aกรุงเทพฯ :
_bไทยวัฒนาพานิช,
_c2523
300 _a151 หน้า :
_b แผนที่
650 0 4 _aยุโรปตะวันออก -- ความสัมพันธ์กับต่างประเทศ -- รัสเซีย
650 0 4 _aรุสเซีย -- ความสัมพันธ์กับต่างประเทศ -- ยุโรปตะวันออก
850 _aNALT
856 4 0 _uhttps://hdl.handle.net/20.500.14156/331258
_71
942 _cGB
_2lcc